000 01059cam a22003137a 4500
003 CHAP
005 20220329142950.0
008 050429d2000 mx a r 00110 spa d
010 _a90226
011 _a91198
020 _a9688566780
035 _a101756
040 _cCHAP
082 0 4 _a327.7207
_bS4
100 0 0 _aServín Massieu, Manuel.
_9105347
245 1 3 _aLa frontera norte de México y el siglo y medio de atropello yanqui :
_blo vivido y lo estudiado
_c/por Manuel Servin Massieu
260 _aMéxico, D. F. :
_bPlaza y Valdés,
_c1999.
300 _a114 p. :
_bilus.
590 _aBATCH-UPD
_b10
_c20130110
_lUCH01
_h2114
590 _aBATCH-UPD
_b10
_c20130410
_lUCH01
_h1425
590 _aBATCH-UPD
_b10
_c20130914
_lUCH01
_h1828
590 _aCONVERSION
_b10
_c20130109
_lUCH01
_h1350
650 1 4 _aE.U.A.
_xRelaciones exteriores
_xMéxico.
_934848
650 1 4 _aMéxico
_xRelaciones exteriores
_xE.U.A.
_976792
901 _aBK
905 _aLilia
942 _cLIBRO
949 _a327.7207 S4
_bBC
_cLIBRO
_d33724000949327
_eLIBRO
_h105562
_i101756
_sb
999 _c90226
_d90226